Loading...

Nercha

Bibliografiske detaljer
Hovedforfatter: Pushpamgadhan. P.
Format: Printed Book
Sprog:Malayalam
Udgivet: Mangalodayam Mangalodayam 1967
LEADER 00437nam a2200121Ia 4500
008 111205s9999 xx 000 0 mal d
100 |a Pushpamgadhan. P. 
245 |a Nercha  |c Pushpamgadhan. P. 
260 |b Mangalodayam  |a Mangalodayam  |c 1967 
300 |a 63 
942 |c BK 
999 |c 214979  |d 214979 
952 |0 0  |1 0  |2 ddc  |4 0  |6 851_000000000000000_85P4_NER  |7 0  |9 237691  |a MAL  |b MAL  |c ST1  |d 2020-01-14  |g 1.00  |l 0  |o 851.85P4 NER  |p MAL11173  |r 2011-12-05  |v 1.00  |w 2011-12-05  |y BK